Die Verdachtsstrafe als Erscheinungsform der Schuldvermutung

Elmentve itt :
Bibliográfiai részletek
Szerző: Balogh Elemér
Dokumentumtípus: Cikk
Megjelent: Szegedi Tudományegyetem Állam- és Jogtudományi Kara Szeged 1993
Sorozat:Acta Universitatis Szegediensis : acta juridica et politica 44 No. 2
Kulcsszavak:Jogtörténet - bibliográfia
Tárgyszavak:
Online Access:http://acta.bibl.u-szeged.hu/6797
LEADER 00806nab a2200205 i 4500
001 acta6797
005 20221006160944.0
008 161015s1993 hu o 0|| ger d
022 |a 0324-6523 
040 |a SZTE Egyetemi Kiadványok Repozitórium  |b hun 
041 |a ger 
100 1 |a Balogh Elemér 
245 1 4 |a Die Verdachtsstrafe als Erscheinungsform der Schuldvermutung  |h [elektronikus dokumentum] /  |c  Balogh Elemér 
260 |a Szegedi Tudományegyetem Állam- és Jogtudományi Kara  |b Szeged  |c 1993 
300 |a 1-206 
490 0 |a Acta Universitatis Szegediensis : acta juridica et politica  |v 44 No. 2 
650 4 |a Társadalomtudományok 
650 4 |a Jogtudomány 
695 |a Jogtörténet - bibliográfia 
856 4 0 |u http://acta.bibl.u-szeged.hu/6797/1/juridpol_044_fasc_002_001-206.pdf  |z Dokumentum-elérés